Lo virtual: virtudes y vértigos
Kaydedildi:
| Yazar: | |
|---|---|
| Materyal Türü: | Kitap |
| Dil: | İspanyolca |
| Baskı/Yayın Bilgisi: |
Barcelona
Paidós
1995
|
| Seri Bilgileri: | Hipermedia, 1
|
| Konular: | |
| Etiketler: |
Etiketle
Etiket eklenmemiş, İlk siz ekleyin!
|
MARC
| LEADER | 00000nam a2200000 a 4500 | ||
|---|---|---|---|
| 001 | UCU4343 | ||
| 003 | CL-VaPUC | ||
| 008 | 960517e19950000SP |||||||||||||||||spa|d | ||
| 020 | |a 8449301858 | ||
| 082 | 0 | 4 | |a 003.3 |b QUE |2 21 |
| 100 | 0 | |a Quéau, Philippe |e author |9 361881 | |
| 245 | 1 | 3 | |a Lo virtual: virtudes y vértigos |
| 300 | |a 207 p | ||
| 942 | |c BK | ||
| 945 | |d 19960517 00:00:00 |a mcarcey | ||
| 260 | |a Barcelona |b Paidós |c 1995 | ||
| 650 | 0 | |a Realidad virtual |9 361882 | |
| 650 | 0 | |a Imagen virtual |9 361883 | |
| 650 | 0 | |a Imágenes |9 361884 | |
| 650 | 7 | |a METODOS DE SIMULACION |2 CL-VaPUC |9 260497 | |
| 650 | 0 | |a Procesamiento de imágenes |9 316062 | |
| 583 | |a last modification |c 19960517 00:00:00 |k Rodrigo Vera | ||
| 490 | 0 | |a Hipermedia, 1 | |
| 999 | |c 248085 |d 248083 | ||
| 952 | |0 0 |1 0 |4 0 |6 003_300000000000000_QUE_1995 |7 0 |8 A |9 264471 |a BIBART |b BIBART |d 2019-11-19 |i 3198774 |o 003.3 QUE 1995 |p 3198774 |r 2025-03-13 |w 2019-11-19 |y BK |k ART | ||
| 952 | |0 0 |1 0 |4 0 |6 003_300000000000000_QUE_1995 |7 0 |8 A |9 264472 |a BIBGIM |b BIBGIM |d 2019-11-19 |i 4042115 |o 003.3 QUE 1995 |p 4042115 |r 2025-01-15 |w 2019-11-19 |y BK |k EST | ||